[Event "Ramsowo Grunwald Cup 24th"]
[Site "Ramsowo"]
[Date "2009.09.26"]
[Round "9.6"]
[White "Bakalarczyk, Wlodzimierz"]
[Black "Falkowski, Dawid"]
[Result "1/2-1/2"]
[WhiteElo "2038"]
[BlackElo "2086"]
[PlyCount "73"]
[EventDate "2009.09.19"]
[EventType "swiss"]
[EventRounds "9"]
[EventCountry "POL"]
[SourceTitle "EXT 2023"]
[Source "ChessBase"]
[SourceDate "2022.10.05"]
[SourceVersion "1"]
[SourceVersionDate "2022.10.05"]
[SourceQuality "1"]

1. d4 Nf6 2. c4 e6 3. Nf3 c5 4. Nc3 cxd4 5. Nxd4 Nc6 6. Nc2 Bc5 7. e4 0-0 8. Be2 d5 9. cxd5 exd5 10. exd5 Nb4 11. Ne3 Bxe3 12. Bxe3 Nbxd5 13. Nxd5 Nxd5 14. Bd2 Qb6 15. 0-0 Qxb2 16. Bf3 Be6 17. Qc1 Qxc1 18. Rfxc1 Rfc8 19. a4 Kf8 20. h3 Rc6 21. a5 Rac8 22. Rxc6 Rxc6 23. Bxd5 Bxd5 24. Rc1 Ra6 25. Bb4+ Ke8 26. f3 Kd7 27. Kf2 b6 28. axb6 axb6 29. Bc3 g6 30. Ra1 Ba2 31. Ke3 Kc6 32. Bb2 Kc5 33. Rc1+ Bc4 34. h4 Ra2 35. Bd4+ Kd5 36. Bxb6 Rxg2 37. Ra1 1/2-1/2

[Event "Ramsowo Grunwald Cup 24th"]
[Site "Ramsowo"]
[Date "2009.09.23"]
[Round "6.7"]
[White "Bakalarczyk, Wlodzimierz"]
[Black "Zarow, Zdzislaw"]
[Result "1/2-1/2"]
[WhiteElo "2038"]
[BlackElo "2016"]
[PlyCount "108"]
[EventDate "2009.09.19"]
[EventType "swiss"]
[EventRounds "9"]
[EventCountry "POL"]
[SourceTitle "EXT 2023"]
[Source "ChessBase"]
[SourceDate "2022.10.05"]
[SourceVersion "1"]
[SourceVersionDate "2022.10.05"]
[SourceQuality "1"]

1. c4 e5 2. Nc3 Nc6 3. g3 Nf6 4. Bg2 Bc5 5. Nf3 d6 6. 0-0 Bg4 7. h3 Be6 8. d3 h6 9. a3 a5 10. Rb1 Qd7 11. Kh2 g5 12. Nd2 0-0-0 13. b4 axb4 14. axb4 Nxb4 15. Nde4 Nxe4 16. Nxe4 f5 17. Nxc5 dxc5 18. Be3 b6 19. Ra1 Qd6 20. Qa4 Rde8 21. Bf3 Kd8 22. Bd2 Ke7 23. Rfb1 e4 24. Bh5 Ra8 25. Qb3 Rxa1 26. Rxa1 exd3 27. Qb2 Rg8 28. Bc3 Bxc4 29. exd3 Nxd3 30. Qe2+ Qe6 31. Qd2 Rd8 32. Be2 Qe4 33. f3 Qd5 34. Rd1 Kf8 35. Bf6 Rd6 36. Qc3 Qe6 37. Bg7+ Kg8 38. Bf1 b5 39. Bxh6 Qxh6 40. Bxd3 Bxd3 41. Rxd3 Qe6 42. Qd2 Rxd3 43. Qxd3 Kf7 44. Qxb5 c4 45. g4 Qe2+ 46. Kg1 f4 47. Qf5+ Ke8 48. Qc8+ Ke7 49. Qxc7+ Kf6 50. Qd8+ Kf7 51. Qd5+ Ke8 52. Qb5+ Kf7 53. Qd7+ Kf8 54. Qd8+ Kf7 1/2-1/2

[Event "Grunwald Cup 23rd blind"]
[Site "Dadaj"]
[Date "2008.09.29"]
[Round "9"]
[White "Grigorchuk, Sergey"]
[Black "Bakalarczyk, Wlodzimierz"]
[Result "1-0"]
[WhiteElo "2244"]
[BlackElo "2001"]
[PlyCount "70"]
[EventDate "2008.09.21"]
[EventType "swiss"]
[EventRounds "9"]
[EventCountry "POL"]
[SourceTitle "CBM 126 Extra"]
[Source "ChessBase"]
[SourceDate "2008.11.05"]
[SourceVersion "1"]
[SourceVersionDate "2008.11.05"]
[SourceQuality "1"]

1. d4 Nf6 2. c4 g6 3. Nc3 Bg7 4. e4 d6 5. Be2 0-0 6. Bg5 h6 7. Be3 Nc6 8. d5 Ne5 9. Nf3 Nxf3+ 10. Bxf3 a6 11. 0-0 Rb8 12. c5 Nd7 13. cxd6 cxd6 14. Qd2 Kh7 15. Rac1 Ne5 16. Be2 Bd7 17. h3 Rc8 18. Nb1 f6 19. f4 Nf7 20. Na3 e5 21. f5 gxf5 22. exf5 Rxc1 23. Qxc1 Qc8 24. Qxc8 Rxc8 25. Nc4 Be8 26. Rc1 Bf8 27. Na5 Rxc1+ 28. Bxc1 b5 29. Bh5 Kg7 30. h4 Bd7 31. g4 Nd8 32. Be3 Be7 33. Kf2 Bf8 34. Kf3 Nf7 35. Ke4 Be7 1-0

[Event "Grunwald Cup 23rd blind"]
[Site "Dadaj"]
[Date "2008.09.23"]
[Round "3"]
[White "Suder, Ryszard"]
[Black "Bakalarczyk, Wlodzimierz"]
[Result "1/2-1/2"]
[WhiteElo "2183"]
[BlackElo "2001"]
[PlyCount "57"]
[EventDate "2008.09.21"]
[EventType "swiss"]
[EventRounds "9"]
[EventCountry "POL"]
[SourceTitle "CBM 126 Extra"]
[Source "ChessBase"]
[SourceDate "2008.11.05"]
[SourceVersion "1"]
[SourceVersionDate "2008.11.05"]
[SourceQuality "1"]

1. e4 c5 2. Nf3 e6 3. b3 d6 4. Bb2 e5 5. Bb5+ Nd7 6. 0-0 a6 7. Bxd7+ Bxd7 8. c3 g6 9. d4 Bg7 10. dxe5 dxe5 11. c4 f6 12. Nc3 Bc6 13. Qe2 Ne7 14. Ne1 0-0 15. Nd3 b6 16. Rad1 Qb8 17. f4 Qb7 18. fxe5 fxe5 19. Nd5 Rxf1+ 20. Rxf1 Re8 21. Qf2 Bxd5 22. cxd5 Nc8 23. Bxe5 Bxe5 24. Nxe5 Nd6 25. Qf4 Qg7 26. Ng4 Nxe4 27. Nh6+ Kh8 28. Nf7+ Kg8 29. Nh6+ 1/2-1/2

[Event "Grunwald Cup 23rd blind"]
[Site "Dadaj"]
[Date "2008.09.22"]
[Round "2"]
[White "Bakalarczyk, Wlodzimierz"]
[Black "Dziobek, Jerzy"]
[Result "1-0"]
[WhiteElo "2001"]
[BlackElo "1863"]
[PlyCount "49"]
[EventDate "2008.09.21"]
[EventType "swiss"]
[EventRounds "9"]
[EventCountry "POL"]
[SourceTitle "CBM 126 Extra"]
[Source "ChessBase"]
[SourceDate "2008.11.05"]
[SourceVersion "1"]
[SourceVersionDate "2008.11.05"]
[SourceQuality "1"]

1. d4 d5 2. c4 e6 3. g3 Nf6 4. Bg2 Nbd7 5. Nf3 Be7 6. b3 c6 7. 0-0 0-0 8. Bb2 Qc7 9. Nbd2 Re8 10. Qc2 Bd6 11. Rac1 Qd8 12. Ne5 b6 13. Nxc6 Qc7 14. cxd5 exd5 15. e3 Ba6 16. Rfe1 Rac8 17. Qf5 Nc5 18. dxc5 Qxc6 19. cxd6 Qxd6 20. Bxf6 gxf6 21. Qxd5 Qxd5 22. Bxd5 Rxc1 23. Rxc1 Rd8 24. e4 f5 25. Rc7 1-0

[Event "Grunwald Cup 23rd blind"]
[Site "Dadaj"]
[Date "2008.09.21"]
[Round "1"]
[White "Wassin, Sergej"]
[Black "Bakalarczyk, Wlodzimierz"]
[Result "1-0"]
[WhiteElo "2325"]
[BlackElo "2001"]
[PlyCount "80"]
[EventDate "2008.09.21"]
[EventType "swiss"]
[EventRounds "9"]
[EventCountry "POL"]
[SourceTitle "CBM 126 Extra"]
[Source "ChessBase"]
[SourceDate "2008.11.05"]
[SourceVersion "1"]
[SourceVersionDate "2008.11.05"]
[SourceQuality "1"]

1. d4 Nf6 2. c4 g6 3. Nc3 Bg7 4. Nf3 d6 5. g3 0-0 6. Bg2 Nc6 7. 0-0 a6 8. Qd3 Rb8 9. d5 Nb4 10. Qd2 a5 11. a3 Na6 12. Nd4 Nd7 13. Rb1 Ne5 14. b3 Bd7 15. f4 c5 16. Nc2 Ng4 17. h3 Nf6 18. e4 Ne8 19. Ne3 e6 20. dxe6 fxe6 21. Bb2 Nac7 22. a4 Bc6 23. Nb5 Bxb2 24. Rxb2 b6 25. Qd1 Qe7 26. Rd2 Bxb5 27. cxb5 Rd8 28. Nc4 d5 29. exd5 exd5 30. Bxd5+ Nxd5 31. Rxd5 Nf6 32. Rxd8 Rxd8 33. Qf3 Qd7 34. Kg2 Qe6 35. Rf2 Rd4 36. Re2 Qd5 37. Nxb6 Qf5 38. Qa8+ Kf7 39. Qb7+ Kg8 40. Qb8+ Kf7 1-0

[Event "Polanica Zdroj op Seniors 44th"]
[Site "Polanica Zdroj"]
[Date "2008.08.23"]
[Round "5.3"]
[White "Cybulski, Ryszard"]
[Black "Bakalarczyk, Wlodzimierz"]
[Result "0-1"]
[WhiteElo "1969"]
[BlackElo "2001"]
[PlyCount "22"]
[EventDate "2008.08.19"]
[EventType "swiss"]
[EventRounds "9"]
[EventCountry "POL"]
[SourceTitle "EXT 2023"]
[Source "ChessBase"]
[SourceDate "2022.10.05"]
[SourceVersion "1"]
[SourceVersionDate "2022.10.05"]
[SourceQuality "1"]

1. e4 g6 2. d4 Bg7 3. f4 Nf6 4. Nc3 0-0 5. Nf3 c5 6. d5 b5 7. Bxb5 Nxe4 8. Nxe4 Qa5+ 9. c3 Qxb5 10. Qe2 Ba6 11. Qxb5 Bxb5 0-1

[Event "Polanica Zdroj op Seniors 44th"]
[Site "Polanica Zdroj"]
[Date "2008.08.22"]
[Round "4.4"]
[White "Bakalarczyk, Wlodzimierz"]
[Black "Kwiek, Janusz"]
[Result "1-0"]
[WhiteElo "2001"]
[BlackElo "1819"]
[PlyCount "84"]
[EventDate "2008.08.19"]
[EventType "swiss"]
[EventRounds "9"]
[EventCountry "POL"]
[SourceTitle "EXT 2023"]
[Source "ChessBase"]
[SourceDate "2022.10.05"]
[SourceVersion "1"]
[SourceVersionDate "2022.10.05"]
[SourceQuality "1"]

1. d4 Nf6 2. c4 e6 3. Nf3 d5 4. g3 Bb4+ 5. Nbd2 Nc6 6. e3 Ne4 7. a3 Nxd2 8. Nxd2 Be7 9. Bg2 0-0 10. 0-0 f5 11. b4 Bf6 12. Qb3 Ne7 13. Bb2 c6 14. Rfd1 Bd7 15. a4 Rc8 16. Rac1 a6 17. Ba3 Re8 18. Nf3 Ng6 19. Bb2 Qe7 20. Ne5 Red8 21. f4 Be8 22. Ba3 b5 23. cxd5 cxd5 24. a5 Qb7 25. Bb2 Be7 26. Nd3 Nf8 27. Nc5 Qa7 28. Rd2 Rc6 29. Bf3 Bf7 30. g4 g6 31. Rg2 Kh8 32. Qd3 Bf6 33. Rgc2 Rdc8 34. Qd2 Nd7 35. g5 Bg7 36. h4 h5 37. gxh6 Bxh6 38. Qh2 Nf6 39. Rg2 Qe7 40. Kh1 Rg8 41. Rcg1 Ne4 42. Bxe4 dxe4 1-0

[Event "Brandenburg-ch Seniors 17th"]
[Site "Rowy"]
[Date "2008.06.28"]
[Round "5"]
[White "Zoltek, Tadeusz"]
[Black "Bakalarczyk, Wlodzimierz"]
[Result "1-0"]
[WhiteElo "2306"]
[BlackElo "2056"]
[PlyCount "104"]
[EventDate "2008.06.23"]
[EventType "swiss"]
[EventRounds "9"]
[EventCountry "POL"]
[SourceTitle "EXT 2022"]
[Source "ChessBase"]
[SourceDate "2021.10.06"]
[SourceVersion "1"]
[SourceVersionDate "2021.10.06"]
[SourceQuality "1"]

1. c4 Nf6 2. Nc3 g6 3. g3 Bg7 4. Bg2 0-0 5. e4 d6 6. Nge2 c6 7. 0-0 Nbd7 8. d3 a5 9. h3 e5 10. Be3 Nc5 11. a3 Be6 12. Qc2 Qc7 13. b4 Ncd7 14. Qd2 b6 15. f4 Nb8 16. c5 bxc5 17. bxc5 Nfd7 18. f5 Bb3 19. Nc1 a4 20. Rb1 Na6 21. Nxb3 axb3 22. Na4 Rfb8 23. Qc3 dxc5 24. Rxb3 Rxb3 25. Qxb3 Rb8 26. Qc4 Qb7 27. fxg6 hxg6 28. Rxf7 Kh8 29. Nxc5 Naxc5 30. Bxc5 Qb1+ 31. Rf1 Qb3 32. Bd6 Qxc4 33. dxc4 Rb3 34. Rf7 Nb6 35. Rb7 Rd3 36. c5 Nc4 37. Bf1 Rxg3+ 38. Kf2 Rc3 39. Bxc4 Rxc4 40. Kf3 Rc3+ 41. Kg4 Rxa3 42. h4 Ra2 43. Re7 Kg8 44. Rc7 Bf6 45. h5 gxh5+ 46. Kf5 Bg7 47. Kg6 Rg2+ 48. Kxh5 Bf6 49. Be7 Ra2 50. Rc8+ Kf7 51. Bxf6 Kxf6 52. Rxc6+ Kf7 1-0

[Event "Brandenburg-ch Seniors 17th"]
[Site "Rowy"]
[Date "2008.06.25"]
[Round "3"]
[White "Sube, Guenter"]
[Black "Bakalarczyk, Wlodzimierz"]
[Result "1/2-1/2"]
[WhiteElo "1779"]
[BlackElo "2056"]
[PlyCount "50"]
[EventDate "2008.06.23"]
[EventType "swiss"]
[EventRounds "9"]
[EventCountry "POL"]
[SourceTitle "EXT 2022"]
[Source "ChessBase"]
[SourceDate "2021.10.06"]
[SourceVersion "1"]
[SourceVersionDate "2021.10.06"]
[SourceQuality "1"]

1. e4 c5 2. Nf3 e6 3. d4 cxd4 4. Nxd4 a6 5. Bd3 g6 6. 0-0 Bg7 7. c3 Nc6 8. Nf3 Nge7 9. Nbd2 0-0 10. Nb3 b5 11. a3 Qc7 12. Be3 d6 13. Rc1 Bb7 14. Nbd4 Ne5 15. Nxe5 dxe5 16. Nb3 Rfd8 17. Qe2 Nc6 18. Rfd1 Bf8 19. Bc2 Rac8 20. Bc5 Bh6 21. Be3 Bf8 22. Bg5 Rxd1+ 23. Bxd1 Be7 24. Be3 Na5 25. Nxa5 Qxa5 1/2-1/2

[Event "Rowy op-A 17th"]
[Site "Rowy"]
[Date "2008.06.17"]
[Round "5.5"]
[White "Bakalarczyk, Wlodzimierz"]
[Black "Szczepaniec, Stanislaw"]
[Result "0-1"]
[WhiteElo "1996"]
[BlackElo "2176"]
[PlyCount "60"]
[EventDate "2008.06.14"]
[EventType "swiss"]
[EventRounds "9"]
[EventCountry "POL"]
[SourceTitle "EXT 2023"]
[Source "ChessBase"]
[SourceDate "2022.10.05"]
[SourceVersion "1"]
[SourceVersionDate "2022.10.05"]
[SourceQuality "1"]

1. d4 f5 2. Nf3 g6 3. g3 Bg7 4. Bg2 Nf6 5. 0-0 0-0 6. Nbd2 d6 7. c3 h6 8. Ne1 Nc6 9. Nd3 Qe8 10. b4 e5 11. d5 Ne7 12. Qb3 e4 13. Nf4 g5 14. Ne6 Bxe6 15. dxe6 d5 16. Rb1 Qc6 17. Ba3 b5 18. Bb2 Qxe6 19. a4 a6 20. e3 f4 21. exf4 gxf4 22. Rfe1 Qf5 23. gxf4 Nh5 24. f3 Nxf4 25. fxe4 Qg6 26. Re2 Nxe2+ 27. Kh1 Rf2 28. Bf3 Rxh2+ 29. Kxh2 Qg3+ 30. Kh1 Qh3# 0-1

[Event "EU-chT Seniors 10th"]
[Site "Dresden"]
[Date "2008.02.14"]
[Round "4.4"]
[White "Kahn, Peter"]
[Black "Bakalarczyk, Wlodzimierz"]
[Result "1/2-1/2"]
[WhiteElo "2067"]
[BlackElo "1996"]
[PlyCount "43"]
[EventDate "2008.02.11"]
[EventType "team-swiss"]
[EventRounds "9"]
[EventCountry "GER"]
[SourceTitle "CBM 122 Extra"]
[Source "ChessBase"]
[SourceDate "2008.03.04"]
[SourceVersion "1"]
[SourceVersionDate "2008.03.04"]
[SourceQuality "1"]
[WhiteTeam "Dresden USV TU"]
[BlackTeam "Wroclaw"]
[WhiteTeamCountry "GER"]
[BlackTeamCountry "POL"]

1. e4 c5 2. c3 d5 3. exd5 Qxd5 4. d4 Nc6 5. Nf3 Bg4 6. Be2 cxd4 7. cxd4 e6 8. Nc3 Bb4 9. 0-0 Qa5 10. Be3 Nf6 11. h3 Bh5 12. Qb3 0-0 13. a3 Bxc3 14. bxc3 Nd5 15. Rac1 Rab8 16. Bd2 Bxf3 17. Bxf3 Nxd4 18. cxd4 Qxd2 19. Bxd5 exd5 20. Rfd1 Qg5 21. Rc7 Qf5 22. Rxb7 1/2-1/2

[Event "EU-chT Seniors 10th"]
[Site "Dresden"]
[Date "2008.02.12"]
[Round "2.4"]
[White "Ashby, Anthony"]
[Black "Bakalarczyk, Wlodzimierz"]
[Result "1/2-1/2"]
[WhiteElo "2166"]
[BlackElo "1996"]
[PlyCount "32"]
[EventDate "2008.02.11"]
[EventType "team-swiss"]
[EventRounds "9"]
[EventCountry "GER"]
[SourceTitle "CBM 122 Extra"]
[Source "ChessBase"]
[SourceDate "2008.03.04"]
[SourceVersion "1"]
[SourceVersionDate "2008.03.04"]
[SourceQuality "1"]
[WhiteTeam "England II"]
[BlackTeam "Wroclaw"]
[WhiteTeamCountry "ENG"]
[BlackTeamCountry "POL"]

1. e4 c5 2. a3 Nc6 3. b4 Nf6 4. b5 Nd4 5. c3 Ne6 6. e5 Nd5 7. Qb3 Nb6 8. Nf3 d5 9. d4 c4 10. Qc2 a6 11. bxa6 Rxa6 12. g3 Bd7 13. Bg2 Nc7 14. 0-0 e6 15. h4 Be7 16. Nh2 Nb5 1/2-1/2

[Event "EU-chT Seniors 10th"]
[Site "Dresden"]
[Date "2008.02.11"]
[Round "1.4"]
[White "Bakalarczyk, Wlodzimierz"]
[Black "Pitt, Wolfgang"]
[Result "1-0"]
[WhiteElo "1996"]
[BlackElo "2050"]
[PlyCount "98"]
[EventDate "2008.02.11"]
[EventType "team-swiss"]
[EventRounds "9"]
[EventCountry "GER"]
[SourceTitle "CBM 122 Extra"]
[Source "ChessBase"]
[SourceDate "2008.03.04"]
[SourceVersion "1"]
[SourceVersionDate "2008.03.04"]
[SourceQuality "1"]
[WhiteTeam "Wroclaw"]
[BlackTeam "Berlin BSW"]
[WhiteTeamCountry "POL"]
[BlackTeamCountry "GER"]

1. d4 g6 2. c4 Bg7 3. Nc3 d6 4. e4 Nc6 5. Be3 e5 6. Nge2 exd4 7. Nxd4 Nf6 8. Be2 0-0 9. 0-0 Re8 10. f3 Nd7 11. Re1 Nb6 12. Rc1 Be5 13. Nxc6 bxc6 14. f4 Bxc3 15. Rxc3 c5 16. e5 Be6 17. b3 Qe7 18. Bf3 Rad8 19. Rd3 dxe5 20. fxe5 Rxd3 21. Qxd3 Bf5 22. Qd2 Qd7 23. Qc3 Qe7 24. Bf2 h5 25. Qa5 Nd7 26. Bc6 Rd8 27. Qxc7 Re8 28. Bxd7 Qxd7 29. Qxd7 Bxd7 30. Bxc5 f6 31. Bd4 Kf7 32. Kf2 fxe5 33. Bxe5 Bc6 34. b4 a6 35. h4 Rd8 36. g3 Rd3 37. Re3 Rd2+ 38. Re2 Rd1 39. Rb2 Rh1 40. Ke3 Ke6 41. Bf4 Re1+ 42. Kd4 Bb7 43. Kc5 Be4 44. b5 axb5 45. cxb5 Kd7 46. b6 Kc8 47. a4 Bf5 48. a5 Rb1 49. Rxb1 Bxb1 1-0

[Event "Grunwald Cup 22nd blind"]
[Site "Dadaj"]
[Date "2007.09.27"]
[Round "6"]
[White "Iwancio, Lukasz"]
[Black "Bakalarczyk, Wlodzimierz"]
[Result "1/2-1/2"]
[WhiteElo "2009"]
[BlackElo "1927"]
[PlyCount "35"]
[EventDate "2007.09.24"]
[EventType "swiss"]
[EventRounds "9"]
[EventCountry "POL"]
[SourceTitle "EXT 2009"]
[Source "ChessBase"]
[SourceDate "2008.11.26"]
[SourceVersion "1"]
[SourceVersionDate "2008.11.26"]
[SourceQuality "1"]

1. e4 c5 2. c3 d5 3. exd5 Qxd5 4. d4 Nc6 5. Nf3 cxd4 6. cxd4 e6 7. Nc3 Qd8 8. Be3 Nf6 9. Be2 Be7 10. 0-0 0-0 11. Rc1 a6 12. Ne5 Nb4 13. Bf3 Nbd5 14. Ne4 Nxe4 15. Bxe4 Bd7 16. Qh5 Nf6 17. Qf3 Nxe4 18. Qxe4 1/2-1/2

[Event "POL-ch Seniors 18th"]
[Site "Rowy"]
[Date "2007.09.15"]
[Round "8.12"]
[White "Grabarczyk, Edmund"]
[Black "Bakalarczyk, Wlodzimierz"]
[Result "0-1"]
[WhiteElo "1563"]
[BlackElo "1927"]
[PlyCount "60"]
[EventDate "2007.09.09"]
[EventType "swiss"]
[EventRounds "9"]
[EventCountry "POL"]
[SourceTitle "EXT 2023"]
[Source "ChessBase"]
[SourceDate "2022.10.05"]
[SourceVersion "1"]
[SourceVersionDate "2022.10.05"]
[SourceQuality "1"]

1. d4 Nf6 2. c4 g6 3. g3 Bg7 4. Bg2 0-0 5. Nc3 d6 6. Bf4 Nc6 7. e4 e5 8. dxe5 dxe5 9. Bg5 Nd4 10. Nd5 c6 11. Nxf6+ Bxf6 12. h4 Bxg5 13. hxg5 Qxg5 14. Nf3 Nxf3+ 15. Bxf3 Be6 16. b3 Rad8 17. Qc1 Qxc1+ 18. Rxc1 c5 19. g4 Rd4 20. Rc2 Rfd8 21. Ke2 f6 22. Rg1 g5 23. Bh1 a5 24. f3 b6 25. Bg2 a4 26. bxa4 Ra8 27. Ke3 Rxa4 28. Rc3 Rxa2 29. Bf1 Rd1 30. Rd3 Re1+ 0-1

[Event "Polanica Zdroj op-B 43rd"]
[Site "Polanica Zdroj"]
[Date "2007.08.20"]
[Round "4"]
[White "Bakalarczyk, Wlodzimierz"]
[Black "Stepien, Marcin"]
[Result "1-0"]
[WhiteElo "1927"]
[BlackElo "2059"]
[PlyCount "110"]
[EventDate "2007.08.17"]
[EventType "swiss"]
[EventRounds "10"]
[EventCountry "POL"]
[SourceTitle "CBM 120 Extra"]
[Source "ChessBase"]
[SourceDate "2007.11.01"]
[SourceVersion "1"]
[SourceVersionDate "2007.11.01"]
[SourceQuality "1"]

1. e4 c5 2. Nf3 Nc6 3. Be2 g6 4. 0-0 Bg7 5. c3 Nf6 6. d3 0-0 7. h3 b6 8. Be3 Qc7 9. Na3 a6 10. Rc1 d5 11. Qc2 Bb7 12. Rfd1 Rfd8 13. Bg5 dxe4 14. dxe4 b5 15. Nb1 h6 16. Be3 Nxe4 17. Bd3 Nf6 18. Bxc5 Ne5 19. Nxe5 Qxc5 20. Re1 Qd5 21. Bf1 Nh5 22. Red1 Qxa2 23. Nd2 Qe6 24. Nef3 Qf5 25. Qxf5 gxf5 26. Nb3 e6 27. Nc5 Bxf3 28. gxf3 Rxd1 29. Rxd1 Bf8 30. Nb3 Rc8 31. Rd7 Nf4 32. Kh2 Rc6 33. Kg1 Kg7 34. Nd4 Rb6 35. Ne2 Nd5 36. Nd4 Kf6 37. Bd3 Nf4 38. Bf1 Bd6 39. Nc2 Ng6 40. Be2 Ne5 41. Rd8 Be7 42. Rd1 Nc4 43. Bxc4 bxc4 44. Ne3 Rxb2 45. Ra1 Rb3 46. Rxa6 Rxc3 47. Nd5+ Ke5 48. Nxc3 Kd4 49. Ne2+ Kd3 50. Kf1 c3 51. Ra7 Bb4 52. Rd7+ Kc2 53. Rxf7 Kb3 54. Rc7 e5 55. h4 c2 1-0

[Event "Polanica Zdroj op-B 43rd"]
[Site "Polanica Zdroj"]
[Date "2007.08.18"]
[Round "2"]
[White "Bakalarczyk, Wlodzimierz"]
[Black "Wasik, Piotr"]
[Result "1/2-1/2"]
[WhiteElo "1927"]
[BlackElo "1925"]
[PlyCount "39"]
[EventDate "2007.08.17"]
[EventType "swiss"]
[EventRounds "10"]
[EventCountry "POL"]
[SourceTitle "CBM 120 Extra"]
[Source "ChessBase"]
[SourceDate "2007.11.01"]
[SourceVersion "1"]
[SourceVersionDate "2007.11.01"]
[SourceQuality "1"]

1. c4 e6 2. Nf3 d5 3. g3 Nf6 4. Bg2 c6 5. 0-0 Be7 6. b3 0-0 7. Bb2 Nbd7 8. d4 b6 9. Nbd2 Bb7 10. Re1 c5 11. e3 Rc8 12. Rc1 h6 13. h3 dxc4 14. bxc4 Qc7 15. Ne5 Bxg2 16. Kxg2 Nxe5 17. dxe5 Nd7 18. f4 Qb7+ 19. Qf3 Qxf3+ 20. Nxf3 1/2-1/2

[Event "Brandenburg Seniors op 16th"]
[Site "Rowy"]
[Date "2007.06.25"]
[Round "7"]
[White "Bakalarczyk, Wlodzimierz"]
[Black "Soltau, Achim"]
[Result "1/2-1/2"]
[WhiteElo "1937"]
[BlackElo "1963"]
[PlyCount "71"]
[EventDate "2007.06.18"]
[EventType "swiss"]
[EventRounds "9"]
[EventCountry "POL"]
[SourceTitle "EXT 2011"]
[Source "ChessBase"]
[SourceDate "2010.11.26"]
[SourceVersion "1"]
[SourceVersionDate "2010.11.26"]
[SourceQuality "1"]

1. e4 c5 2. Nf3 e6 3. Nc3 Nc6 4. d3 d5 5. Be2 d4 6. Nb1 e5 7. 0-0 Be7 8. Nbd2 Be6 9. b3 b5 10. Bb2 Nh6 11. c3 f6 12. cxd4 cxd4 13. a4 a6 14. Ba3 Bxa3 15. Rxa3 b4 16. Ra2 Na5 17. Nc4 Nxc4 18. dxc4 a5 19. Ne1 0-0 20. Nd3 Qc7 21. f4 Rad8 22. f5 Bc8 23. Qc2 Bb7 24. Bf3 Nf7 25. h4 Nd6 26. Re1 Nf7 27. Kh2 g6 28. g4 g5 29. h5 h6 30. Kg3 Ba6 31. Qd2 Qe7 32. Rc2 Rc8 33. Rec1 Rc6 34. Kf2 Rfc8 35. Ke1 Nd6 36. Qe2 1/2-1/2

[Event "Brandenburg Seniors op 16th"]
[Site "Rowy"]
[Date "2007.06.24"]
[Round "6"]
[White "Drelinkiewicz, Tadeusz"]
[Black "Bakalarczyk, Wlodzimierz"]
[Result "1-0"]
[WhiteElo "2141"]
[BlackElo "1937"]
[PlyCount "43"]
[EventDate "2007.06.18"]
[EventType "swiss"]
[EventRounds "9"]
[EventCountry "POL"]
[SourceTitle "EXT 2011"]
[Source "ChessBase"]
[SourceDate "2010.11.26"]
[SourceVersion "1"]
[SourceVersionDate "2010.11.26"]
[SourceQuality "1"]

1. b4 e6 2. Bb2 d5 3. e3 Nf6 4. b5 Be7 5. Nf3 0-0 6. Be2 c5 7. a4 a5 8. d3 Nbd7 9. Nbd2 Qc7 10. c4 Re8 11. Rc1 b6 12. cxd5 exd5 13. Qb3 Bb7 14. Nd4 Rad8 15. g4 Ne5 16. g5 Nfd7 17. h4 Qb8 18. Nf5 Bf8 19. Rg1 c4 20. dxc4 dxc4 21. Bxc4 Nxc4 22. Nh6+ 1-0

[Event "Brandenburg Seniors op 16th"]
[Site "Rowy"]
[Date "2007.06.18"]
[Round "1"]
[White "Bakalarczyk, Wlodzimierz"]
[Black "Bergmann, Hans Dieter"]
[Result "1-0"]
[WhiteElo "1937"]
[BlackElo "1665"]
[PlyCount "52"]
[EventDate "2007.06.18"]
[EventType "swiss"]
[EventRounds "9"]
[EventCountry "POL"]
[SourceTitle "EXT 2011"]
[Source "ChessBase"]
[SourceDate "2010.11.26"]
[SourceVersion "1"]
[SourceVersionDate "2010.11.26"]
[SourceQuality "1"]

1. e4 c5 2. Nf3 d6 3. d4 cxd4 4. Nxd4 Nf6 5. Nc3 g6 6. Be3 Bg7 7. f3 0-0 8. Bc4 Nc6 9. Qd2 Bd7 10. 0-0-0 Rc8 11. Bb3 Re8 12. g4 Ne5 13. h4 b5 14. h5 Nc4 15. Bxc4 Rxc4 16. hxg6 fxg6 17. Kb1 Qa5 18. Nb3 Qc7 19. Bd4 e5 20. Be3 Rc8 21. Rh2 Bf8 22. Nd5 Qd8 23. c3 Bg7 24. Bg5 Qf8 25. Bxf6 Bxf6 26. Rxh7 Ra8 1-0

[Event "POL-ch disabled"]
[Site "Chotowa"]
[Date "2007.05.30"]
[Round "8.6"]
[White "Bakalarczyk, Wlodzimierz"]
[Black "Lipski, Tadeusz"]
[Result "0-1"]
[WhiteElo "1937"]
[BlackElo "2117"]
[PlyCount "52"]
[EventDate "2007.05.26"]
[EventType "swiss"]
[EventRounds "9"]
[EventCountry "POL"]
[SourceTitle "EXT 2023"]
[Source "ChessBase"]
[SourceDate "2022.10.05"]
[SourceVersion "1"]
[SourceVersionDate "2022.10.05"]
[SourceQuality "1"]

1. e4 e5 2. Nf3 Nc6 3. Bb5 f5 4. d4 fxe4 5. Nxe5 Nxe5 6. dxe5 c6 7. Bc4 Qa5+ 8. Nc3 Qxe5 9. Bxg8 Rxg8 10. 0-0 d5 11. f3 Bc5+ 12. Kh1 Bd6 13. f4 Qe7 14. Be3 Bf5 15. a4 Qc7 16. a5 Qd7 17. Qd2 Rf8 18. Na4 Rf6 19. b4 Qe7 20. c3 Rh6 21. Qf2 a6 22. Nc5 Kf8 23. Nb3 Kg8 24. Nd4 Rf8 25. Ne2 Qf7 26. Ng3 Qd7 0-1